| 000 | 01022nam a2200313 i 4500 | ||
|---|---|---|---|
| 003 | EG-GICUC | ||
| 005 | 20260428182429.0 | ||
| 008 | 260415s1924 ua a|||fr|||| 001 0 eng d | ||
| 040 |
_aEG-GiCUC _beng _cEG-GiCUC _dEG-GiCUC _erda |
||
| 041 | 0 | _aeng | |
| 082 | 0 | 4 |
_221 _a343 _bGO. C |
| 092 | 0 | 4 | _221 |
| 099 | _aLaw1 10 343 GO . C 1924 1009206 V2 C1 | ||
| 100 | 1 |
_aGoadby ,Frederic M. _eAuthor. |
|
| 245 | 1 | 0 |
_aCommentary On Egyptian Criminal Law: _b And The Related Criminal Law Of Palestine, Cyprus, And Iraq. _npart 2, _cFrederic M. Goadby. |
| 264 |
_aCairo _bGovernment Press _c1924 |
||
| 300 |
_a629 pages : _billustrations, _c24 cm |
||
| 336 |
_2rda content _atext |
||
| 337 |
_2rda media _aComputer |
||
| 338 |
_2rda carrier _aOnline Resource |
||
| 500 | _aIncludes index. | ||
| 504 | _aIncludes Bibliography. | ||
| 546 | _aText in English | ||
| 650 | 1 |
_aCriminal law _2qrmak |
|
| 651 | 1 | _2qrmak | |
| 856 | 4 | 0 | _uhttps://fll.law.cu.edu.eg/fulltext/bks/B10-09206.pdf |
| 905 | _a162 | ||
| 942 |
_2ddc _n0 _cBK _e21 |
||
| 999 |
_c71297 _d71297 |
||